BASIC hydraulics. (Record no. 84558)
[ view plain ]
| 000 -LEADER | |
|---|---|
| fixed length control field | 00803nam a2200157 a 4500 |
| 008 - FIXED-LENGTH DATA ELEMENTS--GENERAL INFORMATION | |
| fixed length control field | 120416s1982 ||||||||||||||||| || u |
| 050 ## - LIBRARY OF CONGRESS CALL NUMBER | |
| Classification number | QA 76.73.B3 Smi |
| 100 ## - MAIN ENTRY--PERSONAL NAME | |
| Personal name | Smith, P.D |
| 245 10 - TITLE STATEMENT | |
| Title | BASIC hydraulics. |
| 260 ## - PUBLICATION, DISTRIBUTION, ETC. | |
| Place of publication, distribution, etc. | London |
| Name of publisher, distributor, etc. | Butterworth Scientific |
| Date of publication, distribution, etc. | 1982 |
| 300 ## - PHYSICAL DESCRIPTION | |
| Extent | [6] 156p. : ill. |
| 350 ## - | |
| -- | 0.00 |
| 995 ## - | |
| -- | ANNEX COLLECTION (Main Library) |
| -- | 0.00 |
| -- | 713180 |
| -- | CBU-MAIN LIBRARY (Kitwe) |
| -- | 2 |
| -- | 7.50 |
| -- | QA 76.73.B3 Smi |
| -- | 3 |
| -- | AVAILABLE |
| -- | 013468 |
| -- | Annex Low-Usage Collection |
| 995 ## - | |
| -- | ANNEX COLLECTION (Main Library) |
| -- | 0.00 |
| -- | 713183 |
| -- | CBU-MAIN LIBRARY (Kitwe) |
| -- | 3 |
| -- | 7.50 |
| -- | QA 76.73.B3 Smi |
| -- | 1 |
| -- | AVAILABLE |
| -- | 012958 |
| -- | Annex Low-Usage Collection |
| 995 ## - | |
| -- | ANNEX COLLECTION (Main Library) |
| -- | 0.00 |
| -- | 713182 |
| -- | CBU-MAIN LIBRARY (Kitwe) |
| -- | 1 |
| -- | 7.50 |
| -- | QA 76.73.B3 Smi |
| -- | 2 |
| -- | AVAILABLE |
| -- | 013467 |
| -- | Annex Low-Usage Collection |
| 999 ## - | |
| -- | 84558 |
| -- | 84558 |
No items available.